000 00579nam a2200229Ia 4500
003 OSt
005 20220928150051.0
006 a|||||r|||| 00| 0
007 ta
008 220927b |||||||| |||| 00| 0 eng d
024 _a87175
037 _cTextual
040 _aSDCL
_cSDCL
_beng
041 _2eng
_aeng
082 _aX:77.2'P, P4
100 _aKapila Raj
_9489299
245 0 _aEconomic development in India
260 _c2004
700 _a Kapila Uma
_9390319
942 _hX:77.2'P, P4
_cTEXL
_2CC
999 _c839179
_d839179